| 000 | 01185nam0a2200337 4500 | ||
|---|---|---|---|
| 001 | RU\NLR\BIBL_A\022400133 | ||
| 005 | 20260406081814.0 | ||
| 010 |
_a978-5-353-10897-9 _94000 |
||
| 035 | _a(NLR Aleph) 022400133 | ||
| 090 |
_a13333833 _c13333833 |
||
| 100 | _a20241203d2024 |||y0rusy50 ca | ||
| 101 | 1 |
_arus _ckor |
|
| 102 | _aRU | ||
| 105 | _aa z 000ay | ||
| 181 | 0 |
_ai3 _baxxe |
|
| 181 | 0 |
_ab1 _bxb2e |
|
| 182 | 0 | _an | |
| 200 | 1 |
_aРесторан 06:06:06 _e[роман] _fПом Ю Джин _g[перевод с корейского chaerimi] |
|
| 203 |
_aТекст _bвизуальный _cнепосредственный |
||
| 210 |
_aМосква _cРосмэн, Кислород _d2024 |
||
| 215 |
_a285, [2] с. _d22 |
||
| 225 | 1 | _aСерия "Хорошее настроение. Азиатский роман" | |
| 333 | _a16+ | ||
| 686 | 1 | _aШ6(5КоЮ)67-440.4{Лх2200-50} | |
| 700 | 0 |
_7ca _8rus _aПом Ю Джин _3RU\NLR\AUTH\770276542 _92648509 |
|
| 702 | 1 |
_achaerimi _cпсевдоним _3RU\NLR\AUTH\770275610 _4730 |
|
| 942 | _cBOOK | ||
| 980 | _aNB | ||